Planeación y organización de empresas (Registro nro. 14493)
[ vista simple ]
| 000 -CABECERA | |
|---|---|
| Longitud fija campo de control | 00719nam a22002297a 4500 |
| 003 - IDENTIFICADOR DELl NÚMERO DE CONTROL | |
| Identificador del número de control | OSt |
| 005 - FECHA Y HORA DE LA ÚLTIMA TRANSACCIÓN | |
| Fecha y hora de la última transacción | 20141021100107.0 |
| 008 - CÓDIGOS DE INFORMACIÓN DE LONGITUD FIJA | |
| Códigos de información de longitud fija | 141008b xxu||||| |||| 00| 0 eng d |
| 020 ## - NÚMERO INTERNACIONAL NORMALIZADO PARA LIBROS | |
| Número Internacional Normalizado para Libros (ISBN) | 970-10-0435-3 |
| 040 ## - FUENTE DE LA CATALOGACIÓN | |
| Centro transcriptor | BMC |
| 082 ## - NÚMERO DE LA CLASIFICACIÓN DECIMAL DEWEY | |
| Númeroo de clasificación | 658.15 |
| 082 ## - NÚMERO DE LA CLASIFICACIÓN DECIMAL DEWEY | |
| Númeroo de clasificación | 658.1 |
| 100 1# - PUNTO DE ACCESO PRINCIPAL-NOMBRE DE PERSONA | |
| 9 (RLIN) | 8674 |
| Nombre de persona | Gómez Ceja, Guillermo |
| 245 10 - MENCIÓN DE TÍTULO | |
| Título | Planeación y organización de empresas |
| Mención de responsabilidad, etc. | Guillermo Gómez Ceja ; revisor técnico , Guillermo de Jesús Camus Márquez |
| 250 ## - MENCIÓN DE EDICIÓN | |
| Mención de edición | 8ª ed |
| 260 ## - PUBLICACIÓN, DISTRIBUCIÓN, ETC. (PIE DE IMPRENTA) | |
| Lugar de publicación, distribución, etc. | México D.F. [etc.] |
| Nombre del editor, distribuidor, etc. | McGraw-Hill |
| Fecha de publicación, distribución, etc. | 1995 |
| 300 ## - DESCRIPCIÓN FÍSICA | |
| Extensión | 432 p. |
| Dimensiones | 23 cm |
| 650 24 - PUNTO DE ACCESO ADICIONAL DE MATERIA - TÉRMINO DE MATERIA | |
| 9 (RLIN) | 6422 |
| Término de materia o nombre geográfico como elemento inicial | Planificación de empresas |
| 650 24 - PUNTO DE ACCESO ADICIONAL DE MATERIA - TÉRMINO DE MATERIA | |
| 9 (RLIN) | 8517 |
| Término de materia o nombre geográfico como elemento inicial | Organización de la empresa |
| 700 1# - PUNTO DE ACCESO ADICIONAL - NOMBRE DE PERSONA | |
| 9 (RLIN) | 26976 |
| Nombre de persona | Camus Márquez, Guillermo de Jesús |
| 942 ## - ENTRADA DE ELEMENTOS AGREGADOS (KOHA) | |
| Fuente de clasificaión o esquema | Dewey Decimal Classification |
| Koha [por defecto] tipo de item | 1- Monografias |
| Suprimido | Perdido | Fuente de clasificación o esquema | Estropeado | No para préstamo | Código de colección | Localización permanente | Localización actual | Localización en estanter&íacute;as | Fecha adquisición | Fuente de adquisición | Número de inventario | Préstamos totales | Renovaciones totales | Signatura completa | Código de barras | Fecha última consulta | Fecha último préstamo | Fecha del precio de reemplazo | Tipo de item de Koha | Restricciones de uso |
|---|---|---|---|---|---|---|---|---|---|---|---|---|---|---|---|---|---|---|---|---|
| NULL | NULL | Dewey Decimal Classification | NULL | NULL | NULL | Biblioteca Centro Regional de Ilobasco | Biblioteca Centro Regional de Ilobasco | Sala Principal | 09/10/2014 | UNICAES | LI001464 | 2 | 2 | 658.15 GOM pla | 1037844 | 15/06/2018 | 09/05/2018 | 07/09/2016 | 1- Monografias | Prestable |
| NULL | NULL | Dewey Decimal Classification | NULL | Dañado | NULL | Biblioteca Miguel de Cervantes - UNICAES | Biblioteca Miguel de Cervantes - UNICAES | Sala Principal | 03/06/2002 | Donación - Facultad de Ciencias Empresariales | 022875 | 10 | 1 | 658.15 GOM pla | 1023333 | 11/05/2018 | 09/05/2018 | 09/10/2014 | 1- Monografias | |
| NULL | NULL | Dewey Decimal Classification | NULL | NULL | NULL | Biblioteca Miguel de Cervantes - UNICAES | Biblioteca Miguel de Cervantes - UNICAES | Sala Principal | 09/10/2014 | Donación - COREI | 022877 | 35 | 5 | 658.15 GOM pla | 1023335 | 29/05/2019 | 27/05/2019 | 09/10/2014 | 1- Monografias | Prestable |
| NULL | NULL | Dewey Decimal Classification | NULL | NULL | NULL | Biblioteca Miguel de Cervantes - UNICAES | Biblioteca Miguel de Cervantes - UNICAES | Sala Principal | 25/01/2004 | Donación - COREI | 022878 | 30 | 4 | 658.15 GOM pla | 1023336 | 06/02/2023 | 04/05/2022 | 09/10/2014 | 1- Monografias | Prestable |